Normal view
MARC view
- Litha S
Entry Personal Name
001 - CONTROL NUMBER
- control field: 3767
003 - CONTROL NUMBER IDENTIFIER
- control field: OSt
005 - DATE AND TIME OF LATEST TRANSACTION
- control field: 20181024114006.0
008 - FIXED-LENGTH DATA ELEMENTS
- fixed length control field: 181024|| aca||aabn | a|a d
040 ## - CATALOGING SOURCE
- Original cataloging agency: OSt
- Transcribing agency: OSt
100 ## - HEADING--PERSONAL NAME
- Personal name: Litha S
670 ## - SOURCE DATA FOUND
- Source citation: Work cat.: (OSt)15258: JYOTHY PADMAKUMAR 3765, Performance study of centrifugal pump using different foot - valves and pipes
